| 000 | 00581nam a2200217Ia 4500 | ||
|---|---|---|---|
| 005 | 20251020182547.0 | ||
| 008 | 200515s9999 xx 000 0 und d | ||
| 082 | _a747:740.82/L37 | ||
| 100 | _aLEE, Vinny | ||
| 245 | 0 | _aInteriores Zen | |
| 260 | _aBarcelona | ||
| 260 | _c2001 | ||
| 300 | _a160 | ||
| 500 | _a tampoco de espacios vacíos, sino despejados | ||
| 520 | _aEl estilo del Zen tiende a la reducción: no se trata de líneas frías sino suaves | ||
| 650 | _aDECORACION | ||
| 650 | _aDECORACION DE INTERIORES | ||
| 650 | _aLIB | ||
| 650 | _aZEN | ||
| 942 | _cLIB | ||
| 999 |
_c2582 _d2582 |
||